Normal view
MARC view
Entry Personal Name
001 - CONTROL NUMBER
- control field: 41325
003 - CONTROL NUMBER IDENTIFIER
- control field: OSt
005 - DATE AND TIME OF LATEST TRANSACTION
- control field: 20220609101125.0
008 - FIXED-LENGTH DATA ELEMENTS
- fixed length control field: 220609|| aca||aabn | a|a d
040 ## - CATALOGING SOURCE
- Original cataloging agency: OSt
- Transcribing agency: OSt
100 ## - HEADING--PERSONAL NAME
- Personal name: HUHEEY (James E);others
670 ## - SOURCE DATA FOUND
- Source citation: Work cat.: (OSt)153565: HUHEEY (James E);others., Inorganic chemistry: principles of structure and reactivity., 2007